A handful of ghosts : (Record no. 130754)

MARC details
000 -LEADER
fixed length control field 00628nam a22002177a 4500
005 - DATE AND TIME OF LATEST TRANSACTION
control field 20170124110116.0
010 ## - LIBRARY OF CONGRESS CONTROL NUMBER
LC control number 829493
020 ## - INTERNATIONAL STANDARD BOOK NUMBER
Terms of availability 00.00
International Standard Book Number 0340206969
035 ## - SYSTEM CONTROL NUMBER
System control number 829493
037 ## - SOURCE OF ACQUISITION
Source of stock number/acquisition Cen Lib/Ret
040 ## - CATALOGING SOURCE
Original cataloging agency DPL
Language of cataloging EN
082 ## - DEWEY DECIMAL CLASSIFICATION NUMBER
Classification number S
Item number KER
100 ## - MAIN ENTRY--PERSONAL NAME
Personal name Ker Wilson, Barbara
9 (RLIN) 30026
245 ## - TITLE STATEMENT
Title A handful of ghosts :
Statement of responsibility, etc by Barbara Ker Wilson
Remainder of title thirteen eerie tales by Australian authors /
260 ## - PUBLICATION, DISTRIBUTION, ETC. (IMPRINT)
Place of publication, distribution, etc London
Name of publisher, distributor, etc Hodder and Stoughton
Date of publication, distribution, etc 1976
270 ## - ADDRESS
City London
300 ## - PHYSICAL DESCRIPTION
Extent vii, 180p.
Dimensions 19cm(Hb)
650 ## - SUBJECT ADDED ENTRY--TOPICAL TERM
Topical term or geographic name as entry element Austrailian literature
9 (RLIN) 30027
650 ## - SUBJECT ADDED ENTRY--TOPICAL TERM
Topical term or geographic name as entry element Ghosts stories
9 (RLIN) 30028
942 ## - ADDED ENTRY ELEMENTS (KOHA)
Source of classification or shelving scheme Dewey Decimal Classification
Koha item type English Books
Classification part S
Call number suffix KER
Holdings
Withdrawn status Lost status Damaged status Not for loan Home library Current library Date acquired Source of acquisition Cost, normal purchase price Total Checkouts Full call number Barcode Date last seen Copy number Cost, replacement price Price effective from Koha item type
        Central Library Central Library 10/07/2015 Cen Lib/Ret 0.00   S KER 829493 10/07/2015 1 0.00 10/07/2015 English Books

© Delhi Public Library
Hit Counter
free hit counter